000 00663nam a22002177i 4500
003 URS
005 20220114152952.0
008 160502b xxu||||| |||| 00| 0 eng d
020 _a9789712359170
040 _erda
_cURSP-College Library
_beng
100 1 _aEstrada, Aurelia T.
245 _aDevelopmental Characteristics of Young Children
_cEstrada, Aurelia T.
264 1 _aManila
_bRex Book Store
_c2011.
300 _av, 290pages
_c25cm
336 _atext
_btxt
_2rdacontent
337 _aunmediated
_bn
_2rdamedia
338 _avolume
_bnc
_2rdacarrier
500 _aIncludes bibliography references and index
650 0 _aChild development.
942 _2lcc
_cF
999 _c7935
_d7935